000 01135nam a22003497a 4500
003 CHAP
005 20220329133128.0
008 971013s1990 r 00010 d
010 _a2472
011 _a3444
035 _a2644
040 _cCHAP
090 _aFolleto 13347
100 0 0 _aHarman, Wyatte L.
_952757
245 _aPeanut profits and irrigation yield response in the northern Texas high plains, a non-traditional production area
260 _aCollege Station :
_bTexas Agricultural Experiment Station,
_c1990
300 _a11 p.
_b; gráfs
490 _aB
_v; 1659
500 _aD46-9
590 _aBATCH-UPD
_b10
_c20130110
_lUCH01
_h0003
590 _aBATCH-UPD
_b10
_c20130110
_lUCH01
_h2024
590 _aBATCH-UPD
_b10
_c20130409
_lUCH01
_h1938
590 _aBATCH-UPD
_b10
_c20130914
_lUCH01
_h0801
590 _aCONVERSION
_b10
_c20130109
_lUCH01
_h1303
650 1 4 _aCacahuate
_xIrrigación.
_916883
650 1 4 _aCacahuate
_xRendimiento.
_916900
650 1 4 _aCacahuate
_xTexas.
_916908
830 0 _aB
_v; 1659
_99230
901 _aBK
942 _cFOLL
949 _aFolleto 13347
_bBC
_cFOLL
_d-12150
_eTS1
_i2644
_mD
_si
999 _c2472
_d2472